000 00410nam a2200193Ia 4500
001 11560
003 GE_BSU
008 181216s||||||||xx |||||||||||||| ||und||
020 _a9780141031514
040 _cGE_BSU
100 _aJessop,Carolyn; Palmer,Laura.
245 _aEscape
260 _aLondon
260 _bPenguin Books
260 _c2007
300 _a415p;20cm.
653 _aEscape
942 _cBK
999 _c44755
_d44755